Word Ladder: Mad Max Quiz Stats

Quiz Updated May 22, 2015

Challenge
Share
Tweet
Embed
Score 0/9 Timer 01:30
0 Plays Today
Hint 4-Letter Word % Correct
To damage or destroy something with fireBURN
98.8%
To put bullets into a gunLOAD
98.6%
Rural farm structure used for agricultureBARN
97.4%
Of or referring to the Judeo-Christian GodLORD
94.5%
A semisolid fatLARD
94.4%
The ___ of AvonBARD
93.7%
To cover from sight, perhaps with dirtBURY
93.3%
First part of a 2015 Mad Max film subtitleFURY
82%
Last part of a 2015 Mad Max film subtitleROAD
80.8%

Today's Daily Dose

Word Ladder
Summertime

On This Day
June 23rd II

You're not logged in!

Compare scores with friends on all Sporcle quizzes.
Join for Free
OR
Log In

You Might Also Like...

Show Comments

Extras

Top Quizzes Today


Score Distribution

Your Account Isn't Verified!

In order to create a playlist on Sporcle, you need to verify the email address you used during registration. Go to your Sporcle Settings to finish the process.

Report this User

Report this user for behavior that violates our Community Guidelines.

Details: